Evangelion - Personnages - Statistiques

Statistiques générales
  • Ce quiz a été pris 14 fois
  • Le résultat moyen est 13 sur 37
Statistiques - réponses
Réponse % Correct
Asuka Soryu Langley
100%
Shinji Ikari
100%
Gendo Ikari
91%
Kaworu Nagisa
91%
Misato Katsuragi
91%
Rei Ayanami
91%
Ritsuko Akagi
73%
Ryoji Kaji
73%
Pen-Pen
64%
Toji Suzuhara
55%
Yui Ikari
55%
Adam
45%
Kensuke Aida
45%
Lilith
45%
Kozo Fuyutsuki
36%
Hikari Horaki
27%
Ramiel
27%
Arael
18%
Gaghiel
18%
Israfel
18%
Keel Lorenz
18%
Makoto Hyuga
18%
Naoko Akagi
18%
Sachiel
18%
Sandalphon
18%
Armisael
9%
Dr Katsuragi
9%
Maya Ibuki
9%
Shamshel
9%
Shigeru Aoba
9%
Zeruel
9%
Bardiel
0%
Ireul
0%
Kyoko Zeppelin Soryu
0%
Leliel
0%
Matarael
0%
Sahaquiel
0%
Aucun quiz correspondant
Distribution des résultats
% des personnes avec chaque résultat
Percentile par nombre de réponses
Votre historique - résultats
Vous n’avez pas pris ce quiz